Multicomfort House v Paríži

Saved in:
Bibliographic Details
Main Author: Grmanová, Sára (Author)
Other Authors: Šimek, Richard (Thesis advisor)
Format: Manuscript Book
Language:Slovak
Published: 2020
Subjects:
Online Access:http://is.stuba.sk/zp/portal_zp.pl?podrobnosti=137089
https://opac.crzp.sk/?fn=detailBiblioForm&sid=FD93F7145DB968626BD336EFB2D7
Tags: Add Tag
No Tags, Be the first to tag this record!

MARC

LEADER 00000ntm a22000003a 4500
001 stuzp78455
003 SK-STU
005 20230516163352.4
007 ta
008 150427s2015----xo-----f-mn---000-0-slo-d
040 |a STU  |b slo 
041 0 |a slo 
100 1 |a Grmanová, Sára  |u 010310  |4 aut  |U SvF Stavebná fakulta  |T SvF Katedra architektúry  |X 87640  |U V181|V310  |Y 19  |7 87640 
242 0 1 |a Multicomfort House in Paris  |y eng 
245 1 0 |a Multicomfort House v Paríži 
260 |c 2020 
650 4 |a Materská škola  |2 slo 
650 4 |a Základná škola  |2 slo 
650 4 |a Saint Denis  |2 slo 
650 4 |a Primary school  |2 eng 
650 4 |a Saint Denis  |2 eng 
650 4 |a Kindergarten  |2 eng 
700 1 |a Šimek, Richard  |u 010310  |k Z3  |4 ths  |U SvF Stavebná fakulta  |T SvF Katedra architektúry  |X 7576  |U V181|V310  |Y 19  |7 7576 
856 4 |u http://is.stuba.sk/zp/portal_zp.pl?podrobnosti=137089 
856 4 |u https://opac.crzp.sk/?fn=detailBiblioForm&sid=FD93F7145DB968626BD336EFB2D7